00333nam a2200133Ia 4500008004100000020001400041041001200055082001100067100001600078245005100094260003100145300000700176650001600183221030s9999 xx 000 0 und d a817089417 aEnglish a105.23 aG. T. Swamy 0aMicroprocessor 8085 Lab Manualcby G. T. Swamy bLaxmi PubaNew Delhic2006 a70 aBE Computer